000 00854cab a2200205 4500
001 ABS37088
008 090401t1986 xxu||||| |||| 00| 0 eng d
035 _a(Sirsi) u2232
041 _aeng
245 _aAssured tenancy scheme has had limited impact
260 _c1986
350 _a0
490 _aProperty Journal
_v11(5) October 1986, 11(1)
520 _aReferring to recent research on the subject the article suggests reasons for the limited impact of the assured tenancy scheme, which was introduced in 1980 to encourage rented housing . Most landlords had applied for approval under the scheme because of the tax shelter provided, when this was later removed the landlords did no building.
650 _aHOUSING ACT 1980
650 _aPRIVATE RENTED SECTOR
690 _aPROPERTY-LANDLORD AND TENANT
942 _n0
948 _c04/03/1997
999 _c1351
_d1351